Statistics for Every Country In The World

Click here to take the quiz!

General Stats

  • This quiz has been taken 31 times
  • The average score is 147 of 200

Answer Stats

Answer% Correct
Canada
100%
Finland
100%
Italy
100%
Russia
100%
Sweden
100%
United Kingdom
100%
United States
100%
Brazil
96%
Denmark
96%
France
96%
Iceland
96%
Ireland
96%
Japan
96%
New Zealand
96%
Norway
96%
Algeria
92%
Australia
92%
China
92%
Netherlands
92%
Albania
88%
Georgia
88%
Greece
88%
Israel
88%
Palau
88%
South Korea
88%
Spain
88%
Turkey
88%
Bangladesh
83%
Belarus
83%
Belgium
83%
Bhutan
83%
Cuba
83%
Dominica
83%
Dominican Republic
83%
Egypt
83%
Germany
83%
Hungary
83%
Iran
83%
Lebanon
83%
Madagascar
83%
Mexico
83%
Nepal
83%
Pakistan
83%
Poland
83%
Switzerland
83%
Vietnam
83%
Afghanistan
79%
Angola
79%
Bahrain
79%
Burundi
79%
Congo
79%
Cyprus
79%
Ivory Coast
79%
Jamaica
79%
Kenya
79%
Libya
79%
Malta
79%
Niger
79%
Papua New Guinea
79%
Saint Lucia
79%
San Marino
79%
South Africa
79%
Tonga
79%
Tunisia
79%
Vatican City
79%
Venezuela
79%
Andorra
75%
Argentina
75%
Belize
75%
Bulgaria
75%
Cambodia
75%
Cameroon
75%
Chad
75%
Chile
75%
Comoros
75%
Croatia
75%
El Salvador
75%
Estonia
75%
Ethiopia
75%
Fiji
75%
Indonesia
75%
Iraq
75%
Kosovo
75%
Kuwait
75%
Latvia
75%
Luxembourg
75%
Monaco
75%
Mongolia
75%
Morocco
75%
Mozambique
75%
Myanmar
75%
North Korea
75%
Oman
75%
Philippines
75%
Qatar
75%
Romania
75%
Saudi Arabia
75%
Serbia
75%
Seychelles
75%
Sudan
75%
Thailand
75%
Togo
75%
Trinidad and Tobago
75%
United Arab Emirates
75%
Yemen
75%
Antigua and Barbuda
71%
Austria
71%
Azerbaijan
71%
Bahamas
71%
Barbados
71%
Benin
71%
Bolivia
71%
Bosnia and Herzegovina
71%
Burkina Faso
71%
Cape Verde
71%
Central African Republic
71%
Djibouti
71%
Gabon
71%
Gambia
71%
Grenada
71%
Guinea
71%
Guinea Bissau
71%
Guyana
71%
India
71%
Jordan
71%
Kiribati
71%
Lithuania
71%
Mauritania
71%
Nauru
71%
Panama
71%
Paraguay
71%
Peru
71%
Portugal
71%
Rwanda
71%
Saint Kitts and Nevis
71%
Saint Vincent and the Grenadines
71%
Singapore
71%
Slovakia
71%
South Sudan
71%
Suriname
71%
Swaziland
71%
Syria
71%
Taiwan
71%
Tanzania
71%
Turkmenistan
71%
Tuvalu
71%
Uganda
71%
Uruguay
71%
Uzbekistan
71%
Zimbabwe
71%
Armenia
67%
Botswana
67%
Columbia
67%
Costa Rica
67%
Czech Republic
67%
East Timor
67%
Ecuador
67%
Eritrea
67%
Federated States of Micronesia
67%
Guatemala
67%
Haiti
67%
Honduras
67%
Kyrgyzstan
67%
Laos
67%
Liberia
67%
Malaysia
67%
Mali
67%
Marshall Islands
67%
Namibia
67%
Nicaragua
67%
Samoa
67%
Senegal
67%
Slovenia
67%
Somalia
67%
Sri Lanka
67%
Tajikistan
67%
Ukraine
67%
Zambia
67%
Brunei
63%
Equatorial Guinea
63%
Ghana
63%
Lesotho
63%
Liechtenstein
63%
Macedonia
63%
Malawi
63%
Nigeria
63%
Solomon Islands
63%
Vanuatu
63%
Maldives
58%
São Tomé and Príncipe
58%
Sierra Leone
58%
Moldova
54%
Montenegro
54%
Kazahkstan
42%
Democratic Republic of Congo
21%
Gibraltar
21%
Macau
21%
Mauritus
21%
Augland
4%
Tokelau
4%

Score Distribution

Percentile by Number Answered

Percent of People with Each Score

Your Score History

You have not taken this quiz